Week 7 Mens Basketball AP Poll - Statistics

General Stats
  • This quiz has been taken 8 times
  • The average score is 20 of 25
Answer Stats
Rank Change in Poll Team % Correct
3 Stay Duke
100%
2 Stay Michigan
100%
15 Up 8 Nebraska
100%
1 Stay Arizona
86%
21 Stay Auburn
86%
T-23 Down 5 Florida
86%
7 Up 1 Gonzaga
86%
8 Down 1 Houston
86%
18 Down 5 Illinois
86%
4 Stay Iowa State
86%
17 Up 2 Kansas
86%
9 Stay Michigan State
86%
12 Up 2 North Carolina
86%
6 Stay Purdue
86%
22 Stay St. John's
86%
20 Stay Tennessee
86%
19 Down 3 Texas Tech
86%
13 Up 2 Vanderbilt
86%
16 Down 4 Alabama
71%
10 Stay BYU
71%
14 Up 3 Arkansas
57%
25 NR Georgia
57%
11 Stay Louisville
57%
5 Stay UConn
57%
T-23 Up 1 Virginia
43%
No matching quizzes found
Score Distribution
Percent of People with Each Score
Percentile by Number Answered
Your Score History
You have not taken this quiz